[Event "Copenhagen sim1"]
[Site "Copenhagen"]
[Date "2010.07.30"]
[Round "?"]
[White "Baerentsen, Brian Christer"]
[Black "Svidler, Peter"]
[Result "0-1"]
[WhiteElo "2111"]
[BlackElo "2734"]
[PlyCount "96"]
[EventDate "2010.07.30"]
[EventType "simul"]
[EventRounds "1"]
[EventCountry "DEN"]
[SourceTitle "CBM 137 Extra"]
[Source "ChessBase"]
[SourceDate "2010.09.01"]
[SourceVersion "1"]
[SourceVersionDate "2010.09.01"]
[SourceQuality "1"]

1. d4 Nf6 2. Nf3 g6 3. g3 c5 4. Bg2 cxd4 5. 0-0 Bg7 6. Nxd4 0-0 7. e4 Nc6 8. c3 d5 9. exd5 Nxd5 10. Nxc6 bxc6 11. Qa4 Qc7 12. c4 Nb6 13. Qxc6 Qxc6 14. Bxc6 Rb8 15. Na3 Be6 16. Re1 Rfd8 17. c5 Nd7 18. Bf4 Rbc8 19. Bxd7 Rxd7 20. Be5 Rxc5 21. Bxg7 Kxg7 22. b4 Rc3 23. Nb5 Rc4 24. Rad1 a6 25. Rxd7 Bxd7 26. Na3 Rxb4 27. Nb1 e5 28. Nc3 Rc4 29. Nd5 Bc6 30. Rd1 Rc5 31. Ne3 Bf3 32. Rb1 f5 33. Ng2 Be4 34. Ra1 Rc2 35. Ne3 Rb2 36. Nc4 Rb1+ 37. Rxb1 Bxb1 38. Nxe5 Bxa2 39. f4 a5 40. Kf2 a4 41. Ke2 a3 42. Kd2 Bb3 43. Kc3 a2 44. Kb2 Kf6 45. Nd3 Ke7 46. Nc1 Bc4 47. Nxa2 Bxa2 48. Kxa2 Kd6 0-1